00654cam a2200193 4500001001100000008004100011020001800052035001500070050002000085100002600105245012500131260002700256300002100283440004700304500001500351650001600366700004000382700003800422BIIH002254 1995 spa  a968-810-511-2 aBIIH002254 4aJC327bV34 19951 aVallarta , Ignacio L. 0aReflexiones sobre la soberanía nacional /cIgnacio L. Vallarta ; Sergio González Gálvez, César Pérez Saavedra. aMéxico :bSRE,c1995 a125 p. ;c23 cm. 0aArchivo Histórico Diplomático Mexicano a1 ejemplar 4aSoberanía1 aGonzález Gálvez, Sergio,ecomp.1 aPérez Saavedra, César, coomp.